British imperialism, 1688-2000

Αποθηκεύτηκε σε:
Λεπτομέρειες βιβλιογραφικής εγγραφής
Κύριος συγγραφέας: Cain, P. J. 1941-
Άλλοι συγγραφείς: Hopkins, A. G. (Anthony G.)
Μορφή: Βιβλίο
Γλώσσα:English
Δημοσίευση: Harlow, England : Longman, c2002
Έκδοση:2nd ed.
Θέματα:
Ετικέτες: Προσθήκη ετικέτας
Δεν υπάρχουν, Καταχωρήστε ετικέτα πρώτοι!

MARC

LEADER 00000nam a2200000 i 4500
001 1/57800
008 040622s2001 eng d
020 |a 0-582-47286-5 
035 |l 10073835 
040 |a GR-MY-UA  |b gre  |e aacr 
041 0 |a eng 
082 0 |a 325.341  |2 (21) 
100 1 |a Cain, P. J.  |d 1941- 
245 1 0 |a British imperialism, 1688-2000 /  |c P. J. Cain and A. G. Hopkins 
250 |a 2nd ed. 
260 |a Harlow, England :   |b Longman,   |c c2002 
300 |a xxiv, 739 σ.;  |c 23 εκ. 
504 |a Περιέχει βιβλιογραφικές παραπομπές και ευρετήριο 
651 0 |a Great Britain  |x Colonies  |x History. 
700 1 |a Hopkins, A. G.  |q (Anthony G.) 
852 |a INST  |b LESVOS  |e 20040622  |h 325.341 CAI  |p 005100030652  |q 005100030652  |t BK  |y 0 
901 |a BIBL1-2004-2 
909 |a Λ  |b 111116 
920 |a ΤΑΚΤΙΚΟΣ ΚΟΙΝΩΝΙΚΗΣ ΑΝΘΡΩΠΟΛΟΓΙΑΣ ΚΑΙ ΙΣΤΟΡΙΑΣ  |y ΛΕΣΒΟΣ  |z 2004-05 
970 |a ΤΖΑΦΕΡΗ  |b ΕΥΑΓΓΕΛΙΑ  |z 2004/06/22